| 000 | 00551nam a2200181Ia 4500 | ||
|---|---|---|---|
| 008 | 090123s9999 xx 000 0 und d | ||
| 082 | _b39801 | ||
| 100 | _aकदम अनंत | ||
| 245 | _aबुध्द सर्वांसाठी | ||
| 250 | _a1 | ||
| 260 |
_bअनघा प्रकाशन _c2006 |
||
| 300 | _a94 | ||
| 600 | _aकदम अनंत | ||
| 630 | _aबुध्द सर्वांसाठी | ||
| 700 | _aकदम अनंत | ||
| 730 | _aबुध्द सर्वांसाठी | ||
| 942 | _cBOOK | ||
| 999 |
_c77876 _d77876 |
||